000
00324nam a2200133Ia 4500
005
20260328104254.0
008
260328s9999||||xx |||||||||||||| ||und||
100
_a
Montezemolo, Fiamma
245
0
_a
Here is Tijuana! /
_c
Fiamma Montezemolo
260
_b
Black Dog
300
_a
191 p.
650
_a
FOTOGRAFÍA
942
_c
BK
999
_c
10358
_d
10358